Biotechnology Conference & Exhibition : (Record no. 163991)

MARC details
000 -LEADER
fixed length control field 00570njm a2200181 i 4500
001 - CONTROL NUMBER
control field C2-0329554
003 - CONTROL NUMBER IDENTIFIER
control field PPAK
005 - DATE AND TIME OF LATEST TRANSACTION
control field 20180729163427.0
008 - FIXED-LENGTH DATA ELEMENTS--GENERAL INFORMATION
fixed length control field 141222s2014 my |||| ||||| | eng d
040 ## - CATALOGING SOURCE
Original cataloging agency PPAK
Language of cataloging eng
Transcribing agency PPAK
Description conventions rda
245 00 - TITLE STATEMENT
Title Biotechnology Conference & Exhibition :
Remainder of title unlocking Johor's bioeconomy potential 25th - 27th August 2014
264 #1 - PRODUCTION, PUBLICATION, DISTRIBUTION, MANUFACTURE, AND COPYRIGHT NOTICE
Place of production, publication, distribution, manufacture Skudai :
Name of producer, publisher, distributor, manufacturer Johor Biotech ,
Date of production, publication, distribution, manufacture, or copyright notice 2014
336 ## - CONTENT TYPE
Source rdacontent
Content type term text
337 ## - MEDIA TYPE
Source rdamedia
Media type term unmediated
338 ## - CARRIER TYPE
Source rdacarrier
Carrier type term volume
650 10 - SUBJECT ADDED ENTRY--TOPICAL TERM
Topical term or geographic name entry element Biotechnology - Malaysia - Congresses.
942 ## - ADDED ENTRY ELEMENTS (KOHA)
-- dc
Koha item type Book
Holdings
Withdrawn status Lost status Source of classification or shelving scheme Damaged status Not for loan Current library Shelving location Date acquired Source of acquisition Total Checkouts Full call number Barcode Date last seen Copy number Koha item type
    Dewey Decimal Classification   Not For Loan Perpustakaan Alor Setar Rujukan Dewasa 22/12/2014 Johor Biotechnology & Biodiversity Corporation   R 660.6 BIO A00817976 05/07/2018 H017976 Compact Disc
    Dewey Decimal Classification   Not For Loan Perpustakaan Alor Setar Rujukan Dewasa 22/12/2014 Johor Biotechnology & Biodiversity Corporation   R 660.6 BIO A00817975 05/07/2018 H017975 Compact Disc